Onshore, nearshore, offshore, unsure? (Record no. 109394)

MARC details
000 -LEADER
fixed length control field 01105cad a22002175a 4500
001 - CONTROL NUMBER
control field E147007
008 - FIXED-LENGTH DATA ELEMENTS--GENERAL INFORMATION
fixed length control field 090323s2009 xxk f 000 0 eng d
035 ## - SYSTEM CONTROL NUMBER
System control number (Sirsi) u147007
041 0# - LANGUAGE CODE
Language code of text/sound track or separate title eng
050 04 - LIBRARY OF CONGRESS CALL NUMBER
Classification number 333.33 $2 18
110 2# - MAIN ENTRY--CORPORATE NAME
Corporate name or jurisdiction name as entry element Jones Lang LaSalle
9 (RLIN) 3755
245 00 - TITLE STATEMENT
Title Onshore, nearshore, offshore, unsure?
Remainder of title a Central & Eastern European perspective
Medium [electronic resource]
260 ## - PUBLICATION, DISTRIBUTION, ETC.
Place of publication, distribution, etc. [S.l.]
Name of publisher, distributor, etc. JLL
Date of publication, distribution, etc. 2009
520 ## - SUMMARY, ETC.
Summary, etc. Suggests that the Central and Eastern European (CEE) countries of Poland, the Czech Republic, Hungary and Romania can offer a great deal to occupiers. The report covers issues such as the economics and demographics of these four countries, as well as labour markets and related costs, government investment incentives and business conditions. Also examines real estate options and conditions.
521 ## - TARGET AUDIENCE NOTE
Target audience note Advanced
590 ## - LOCAL NOTE (RLIN)
Local note KA
651 #4 - SUBJECT ADDED ENTRY--GEOGRAPHIC NAME
Geographic name Europe
690 ## - LOCAL SUBJECT ADDED ENTRY--TOPICAL TERM (OCLC, RLIN)
Topical term or geographic name as entry element PROPERTY-COMMERCIAL PROPERTY-COMMERCIAL PROPERTY MARKET
856 48 - ELECTRONIC LOCATION AND ACCESS
Uniform Resource Identifier <a href="https://www.joneslanglasalle.eu">https://www.joneslanglasalle.eu</a>
Public note View the report free of charge (requires registration) at www.joneslanglasalle.eu...
942 ## - ADDED ENTRY ELEMENTS (KOHA)
Suppress in OPAC 0
Holdings
Withdrawn status Lost status Source of classification or shelving scheme Damaged status Not for loan Home library Current library Shelving location Date acquired Total Checkouts Full call number Barcode Date last seen Copy number Price effective from Koha item type
    Dewey Decimal Classification     Virtual Virtual Online 23/03/2009   ONLINE PUBLICATION 147007-2001 06/08/2019 1 06/08/2019 Book